00443nam a22001337a 450000500170000000800410001704100130005808200120007110000130008324501150009626000470021130000250025865000260028320240724062325.0240724b |||||||| |||| 00| 0 eng d aEnglish  a349 SOU lEnglish  aThe South African Law Reports :bIndex to decisions of the Supreme Court of South Africa (Appellate Division) aCape Town: bJuta and Company Ltd, c1946  b147 pages; c25 cm.  aLegal practice bLaw